El buscador / (Record no. 24161)

MARC details
000 -LEADER
campo de control de longitud fija 00508nam a2200181 i 4500
001 - NÚMERO DE CONTROL
campo de control 24161
003 - IDENTIFICADOR DE NÚMERO DE CONTROL
campo de control ES-MaACL
005 - FECHA Y HORA DE LA ÚLTIMA TRANSACCIÓN
campo de control 20250514194724.0
007 - CAMPO FIJO DE DESCRIPCIÓN FÍSICA--INFORMACIÓN GENERAL
campo de control de longitud fija t|
008 - DATOS DE LONGITUD FIJA--INFORMACIÓN GENERAL
campo de control de longitud fija 021216s1959 sp ||||1| spa d
100 1# - ENTRADA PRINCIPAL--NOMBRE DE PERSONA
Nombre de persona Andrés, Elena,
Fechas asociadas al nombre 1929-2011
9 (RLIN) 21571
245 13 - MENCIÓN DEL TÍTULO
Título El buscador /
Mención de responsabilidad, etc. Elena Andrés.
260 ## - PUBLICACIÓN, DISTRIBUCIÓN, ETC.
Lugar de publicación, distribución, etc. Madrid :
Nombre del editor, distribuidor, etc. Agora,
Fecha de publicación, distribución, etc. [1959] (
Fabricante Orbe)
300 ## - DESCRIPCIÓN FÍSICA
Extensión 87 p. ;
Dimensiones 21 cm.
852 ## - LOCALIZACIÓN
Ubicación ES-MaACL
Número de control de estantería 2016-F-1
Sublocalización o colección R.44240
852 ## - LOCALIZACIÓN
Ubicación ES-MaACL
Número de control de estantería 2015-F-15
Sublocalización o colección R.46585
Holdings
Estatus retirado Estado de pérdida Estado de daño No para préstamo Colección Biblioteca de origen Biblioteca actual Ubicación en estantería Fecha de adquisición Fuente de adquisición Total de préstamos Signatura topográfica completa Código de barras Visto por última vez Precio de reemplazo Tipo de ítem Koha
        Colección de folletos Biblioteca del Ateneo de Madrid Biblioteca del Ateneo de Madrid Depósito folletos 17/01/2008     2015-F-15 1024905 23/02/2023 23/02/2023 Folleto
        Colección de folletos Biblioteca del Ateneo de Madrid Biblioteca del Ateneo de Madrid Depósito folletos 17/01/2008     2016-F-1 1024904 23/02/2023 23/02/2023 Folleto